000 00884nabaa22001937a 4500
999 _c6321
_d6321
003 OSt
005 20260130200316.0
008 190701b xxu||||| |||| 00| 0 spa d
040 _cPJ
100 _96996
_aPalacios Vallejos, Ramiro C.
245 1 0 _aDesregulación de colegios profesionales :
_buna iniciativa disvaliosa /
_cRamiro C. Palacios Vallejos.
300 _ap. 108-116
500 _aCita: TR LALEY AR/DOC/2594/2025
505 _aSumario: I. Introducción.— II. Relación de hechos y antecedentes.— III. Normativa aplicable y análisis del caso.— IV. Conclusión.
505 _t¿Te interesa el texto completo? Comunicate al correo: koha@justierradelfuego.gov.ar
650 0 _9211
_aDERECHO ADMINISTRATIVO
773 0 _02842
_93251
_dBuenos Aires : AbeledoPerrot, 2012-
_oDA121
_tDerecho administrativo. Nº 162 noviembre/diciembre 2025
_z18510590
942 _2udc
_cANA